Θεσμική μεταρρύθμιση της Ευρωπαϊκής Ένωσης = La reforme institutionnelle de l'Union Europeenne

Αποθηκεύτηκε σε:
Λεπτομέρειες βιβλιογραφικής εγγραφής
Κύριος συγγραφέας: Στεφάνου, Κωνσταντίνος Α., 1949-
Μορφή: Βιβλίο
Γλώσσα:Greek
Δημοσίευση: Αθήνα : Παπαζήσης, 1996.
Ετικέτες: Προσθήκη ετικέτας
Δεν υπάρχουν, Καταχωρήστε ετικέτα πρώτοι!

MARC

LEADER 00000cam a2200000 i 4500
001 1/11084
008 000908s1996####gr | ||||| |||| ||gre||
035 |l 10063698 
040 |a GR-MY-UA  |b gre  |e aacr 
041 0 |a gre 
082 0 |a 341.2422  
100 1 |a Στεφάνου, Κωνσταντίνος Α.,   |d 1949- 
245 1 0 |a Θεσμική μεταρρύθμιση της Ευρωπαϊκής Ένωσης =   |b La reforme institutionnelle de l'Union Europeenne /   |c Κωνσταντίνος Α. Στεφάνου.  
246 1 |i Παράλληλος τίτλος:   |a La reforme institutionnelle de l'Union Europeenne  
260 |a Αθήνα :   |b Παπαζήσης,   |c 1996.  
300 |a 296 σ. ;   |c 21 εκ.  
852 |a INST  |b CHIOS  |e 20000908  |h 341.2422 ΣΤΕ  |p 005200017907  |q 005200017907  |t BK  |y 0 
901 |a BIBL2-2000-3 
909 |a Χ  |b 075947 
970 |z 2000/09/LITSA